Регионална библиотека "Любен Каравелов" - Русе

Икономическите алтернативи (Запис номер 52810)

MARC детайли
000 -Лидер
Контролно поле с фиксирана дължина 01717nam a2200349 c 4500
003 - Код на организацията, давaща контролен номер
Контролно поле BLK
005 - Дата и час на последна редакция
Контролно поле 20231023094922.0
008 - Елементи от данни с фиксирана дължина
fixed length control field 180408b bul|||||r ||||||| ||bul||
010 ## - Наследен системен номер
LC control number KNG00056736000
020 ## - Международен стандартен номер на книга ISBN
Международен стандартен номер на книга ISBN 954-9574-37-7
-- издат.: Тракия-М
040 ## - Източник на каталожния запис
Идентификатор на билиотеката - собственик на записа BLK
041 ## - Код за език
Код за езика на текст/звукозапис или на отделно заглавие Български
Код за езика КДБФ Български
080 ## - УДК
Текстов определител УДК Икономически теории. Икономически учения и школи
УДК код - определител по УДК 330.8
УДК определител (091)(075.8)
УДК - код + определител 330.8(091)(075.8)
100 1# - Редна дума - Автор
Автор Тошкова, Светла Бориславова
Авторска отговорност първи автор
R(LIN) 257169
139 ## - Редно поле
Редна дума Тошкова, Светла Бориславова
Авторски знак Тошк - Т 78
245 10 - Сведения за заглавието
Заглавие Икономическите алтернативи
Редно поле (дума) Светла Бориславова Тошкова.
250 ## - Област на изданието
Сведения за изданието 3. изд.
257 ## - Страна на издаване
Страна на създаване/издаване България
260 ## - Област на издателските данни
-- София
Име на издателя, разпространителя и проч. Тракия-М
Година на издаване 1999
Печатница Враца : Полипринт
300 ## - Физическа характеристика
Страници 307 с.
Илюстрации и др. с ил., сх., диагр.
Размери/Мащаб 24 см
380 ## - Жанр
Жанр Обществени науки
500 ## - Общи забележки
Забележка 1. изд. 1993 със загл. Икономическите алтернативи : История на икон. теории : Ч. 1. на изд. График-Амат. - Офс. изд. - Библиогр. след отд. гл. ; Именен показалец. - Съдържа и за авт.
650 #4 - Допълнително описание по предмет – тема
Основно описание – тема или топоним Икономически учения - история - учебници за ВУЗ
9 (RLIN) 259911
653 ## - Ключова дума – ненормативна
Ключова дума икономически учения
653 ## - Ключова дума – ненормативна
Ключова дума учебници за ВУЗ
852 ## - Местоположение
Форматна сигнатура Цб 225577
856 4# - Електронен адрес и достъп
Електронен формат pdf - файл
Път до файла /url/
856 4# - Електронен адрес и достъп
Електронен формат pdf - файл
Път до файла /url/
942 ## - АРТИКУЛИ
Вид на библиотечния материал Книги
Скрит в OPAC Не
Koha issues (borrowed), all copies 2
944 ## - СЪЗДАВАНЕ И РЕДАКЦИЯ на ЗАПИСА
Създаване/Редакция Създаване
Дата на регистрацията/редакция 18.11.2005
Статус, дата на статуса Мартин Енчев
Служител, извършил регистрацията/редакцията 30575
944 ## - СЪЗДАВАНЕ И РЕДАКЦИЯ на ЗАПИСА
Създаване/Редакция Редакция
Дата на регистрацията/редакция 07.04.2015
Статус, дата на статуса ф /
Служител, извършил регистрацията/редакцията Виолета_Тройчева
999 ## - СИСТЕМНИ КОНТРОЛНИ НОМЕРА
Koha biblionumber 52810
Koha biblioitemnumber 52810
Наличности
Код за отписване Код за изгубен артикул Код за повреда Коз за рестрикции Код за отдаване Артикулен № Име на библиотеката - собственик Име на библиотеката, в която се намира в момента Статус (Текущо местоположение) Дата на вписване в системата Местоположение - отдел Цена в лева Инвентарен номер Систематично азбучна сигнатура Баркод Номер на екземпляра Цена в евро Служебна бележка Служебен тип на артикула
  Не е изгубен Не е повреден без рестрикции ползва се в читалня 83148 Регионална библиотека "Любен Каравелов" Русе Регионална библиотека "Любен Каравелов" Русе Хранилище 2005-11-18 Хранилище 0.00 120000698234 Цб 225577 120000698234 1 0.00 Дост: Dp Вид: Д N: 47 Дата: 10.11.2004 Книги
  Не е изгубен Не е повреден без рестрикции заемане за дома 83149 Регионална библиотека "Любен Каравелов" Русе Регионална библиотека "Любен Каравелов" Русе Заемна - подръчен фонд 2015-01-15 Заемна - подръчен фонд 15.00 120000784246 П 330.8/Т 78 120000784246 2 7.67 Дост: DA Вид: А N: 1 Дата: 09.01.2015 Дата инв: 05.02.2018 Бележки инв: П2018 Книги
Vip Innovations Ltd, Rousse, Bulgaria 2025